000 00731cam a2200241 4500
001 J92169
008 090401t1998 xxu||||| |||| 00| 0 eng d
035 _a(Sirsi) u86677
041 _aeng
050 _a333.3309421
110 _aCluttons Daniel Smith
_93567
245 4 _aThe London view : the Cluttons Daniel Smith Central London residential property commentary. - Spring 1998 - Winter 1998/1999
260 _aLondon
_bCluttons Daniel Smith
_c1998
300 _a2 pt. ; 30cm.
350 _a0
650 _aHOUSE PRICES
650 _aLONDON
650 _aRESIDENTIAL MARKET
650 _aRESIDENTIAL RENTS
690 _aPROPERTY-RESIDENTIAL PROPERTY-RESIDENTIAL PROPERTY MARKET
942 _n0
948 _c08/06/1998
999 _c97158
_d97158